The search for good sense : (Record no. 62620)
[ view plain ]
| 000 -LEADER | |
|---|---|
| fixed length control field | 01182nam a2200337 a 4500 |
| 001 - CONTROL NUMBER | |
| control field | 62620 |
| 003 - CONTROL NUMBER IDENTIFIER | |
| rucl marc code | BD-RjUL |
| 005 - DATE AND TIME OF LATEST TRANSACTION | |
| control field | 20211209081114.0 |
| 008 - FIXED-LENGTH DATA ELEMENTS--GENERAL INFORMATION | |
| fixed length control field | 170124s1958 enka 000 0 eng d |
| 035 ## - SYSTEM CONTROL NUMBER | |
| System control number | BD-RjUL 62746 |
| System control number | (OCoLC)02382611 |
| System control number | GLIS00534908 |
| 040 ## - CATALOGING SOURCE | |
| Original cataloging agency | DLC |
| Transcribing agency | ITD |
| Modifying agency | m.c. |
| -- | OCL |
| -- | m/c |
| -- | RCD |
| -- | BD-RjUL |
| Language of cataloging | eng |
| 041 ## - LANGUAGE CODE | |
| Language code of text/sound track or separate title | eng |
| 082 ## - DEWEY DECIMAL CLASSIFICATION NUMBER | |
| Edition number | 23 |
| Classification number | 828.609 |
| Author mark and year | LUS 1959 |
| 090 ## - LOCALLY ASSIGNED LC-TYPE CALL NUMBER (OCLC); LOCAL CALL NUMBER (OCLC) | |
| Classification number (OCLC) (R) ; Classification number, CALL (RLIN) (NR) | PR3533 |
| Local cutter number (OCLC) ; Book number/undivided call number, CALL (RLIN) | .L933 |
| 099 ## - LOCAL FREE-TEXT CALL NUMBER (OCLC) | |
| Bangla Class number | PR3533.L933 |
| 100 1# - MAIN ENTRY--PERSONAL NAME | |
| Personal name | Lucas, F. L. |
| Fuller form of name | (Frank Laurence), |
| Dates associated with a name | 1894-1967. |
| 9 (RLIN) | 185932 |
| 245 14 - TITLE STATEMENT | |
| Title | The search for good sense : |
| Remainder of title | four eighteenth-century characters: Johnson, Chesterfield, Boswell [and] Goldsmith / |
| Statement of responsibility, etc. | F. L. Lucas |
| 260 ## - PUBLICATION, DISTRIBUTION, ETC. (IMPRINT) | |
| Place of publication, distribution, etc. | London : |
| Name of publisher, distributor, etc. | Cassell, |
| Date of publication, distribution, etc. | 1958 [reprint 1959] |
| 300 ## - PHYSICAL DESCRIPTION | |
| Pagination | 354 p. : |
| Illustrations | ill. ; |
| Size | 23 cm. |
| 500 ## - GENERAL NOTE | |
| General note | Sequel: The art of living. |
| 600 10 - SUBJECT ADDED ENTRY--PERSONAL NAME | |
| Personal name | Johnson, Samuel, |
| Dates associated with a name | 1709-1784. |
| Personal name | Chesterfield, Philip Dormer Stanhope, |
| Titles and other words associated with a name | Earl of, |
| Dates associated with a name | 1694-1773. |
| Personal name | Boswell, James, |
| Dates associated with a name | 1740-1795. |
| Personal name | Goldsmith, Oliver, |
| Dates associated with a name | 1730?-1774. |
| 650 #0 - SUBJECT ADDED ENTRY--TOPICAL TERM | |
| Topical term or geographic name as entry element | Eighteenth century. |
| 9 (RLIN) | 186149 |
| 942 ## - ADDED ENTRY ELEMENTS (KOHA) | |
| Source of classification or shelving scheme | Dewey Decimal Classification |
| Koha item type | Books |
| 949 ## - LOCAL PROCESSING INFORMATION (OCLC) | |
| a | MYGH |
| b | 39080004611189 |
| Lost status | Source of classification or shelving scheme | Damaged status | Not for loan | Collection code | Permanent Location | Current Location | Shelving location | Date acquired | Source of acquisition | Cost, normal purchase price | Total Checkouts | Full call number | Date last seen | Copy number | Koha item type |
|---|---|---|---|---|---|---|---|---|---|---|---|---|---|---|---|
| Dewey Decimal Classification | Not For Loan | Non-fiction | Central Library, University of Rajshahi | Central Library, University of Rajshahi | Reading Room | 14/03/1964 | Zeetlinger | 30.00 | 828.609 LUS 1959 | 24/01/2017 | C-1 | Books |